[Event "MITROPA Cup 2014 WOMEN Section"]
[Site "Ruzomberok SLOVAKIA"]
[Date "2014.05.29"]
[Round "7"]
[Board "1"]
[White "Kochetkova, Julia"]
[Black "Exler, Veronika"]
[Result "1-0"]
[WhiteElo "2322"]
[BlackElo "2156"]
[PlyCount "0"]
[EventDate "2014.05.23"]
[EventType "team"]
[EventRounds "9"]
[EventCountry "SVK"]
[WhiteTeam "Slovakia A"]
[BlackTeam "Austria"]

1. e4 {[%clk 1:30:58]} e5 {[%clk 1:30:57]} 2. Nf3 {[%clk 1:31:29]} Nc6
{[%clk 1:31:52]} 3. Bc4 {[%clk 1:31:54]} Nf6 {[%clk 1:32:14]} 4. d3
{[%clk 1:32:19]} Be7 {[%clk 1:32:36]} 5. O-O {[%clk 1:32:29]} O-O
{[%clk 1:32:23]} 6. Re1 {[%clk 1:31:56]} d6 {[%clk 1:32:48]} 7. a4
{[%clk 1:32:19]} Na5 {[%clk 1:33:11]} 8. Ba2 {[%clk 1:32:43]} c5 {[%clk 1:33:36]}
9. c3 {[%clk 1:30:38]} Nc6 {[%clk 1:32:24]} 10. Na3 {[%clk 1:26:17]} h6
{[%clk 1:26:13]} 11. Nc4 {[%clk 1:24:44]} Be6 {[%clk 1:11:54]} 12. Ne3
{[%clk 1:19:30]} Bxa2 {[%clk 1:02:11]} 13. Rxa2 {[%clk 1:18:10]} d5
{[%clk 1:02:25]} 14. exd5 {[%clk 1:17:19]} Nxd5 {[%clk 1:02:48]} 15. Nc4
{[%clk 1:17:43]} f6 {[%clk 0:52:12]} 16. Nh4 {[%clk 1:11:06]} Qd7
{[%clk 0:50:02]} 17. Qf3 {[%clk 1:06:21]} Rfd8 {[%clk 0:44:36]} 18. Ra1
{[%clk 0:54:07]} Bf8 {[%clk 0:43:35]} 19. Qg3 {[%clk 0:40:44]} Nf4
{[%clk 0:38:14]} 20. Bxf4 {[%clk 0:37:34]} exf4 {[%clk 0:38:39]} 21. Qxf4
{[%clk 0:36:58]} g5 {[%clk 0:35:32]} 22. Qg3 {[%clk 0:35:51]} Qxd3
{[%clk 0:35:09]} 23. Ne3 {[%clk 0:34:52]} Bd6 {[%clk 0:31:39]} 24. Qg4
{[%clk 0:34:38]} Qh7 {[%clk 0:19:51]} 25. Nhf5 {[%clk 0:33:14]} Bf4
{[%clk 0:14:33]} 26. Qe2 {[%clk 0:21:30]} Ne5 {[%clk 0:13:10]} 27. Qb5
{[%clk 0:12:45]} b6 {[%clk 0:11:37]} 28. a5 {[%clk 0:10:48]} Bxe3
{[%clk 0:11:03]} 29. Nxe3 {[%clk 0:11:13]} Qd3 {[%clk 0:11:17]} 30. c4
{[%clk 0:10:53]} Qd7 {[%clk 0:06:05]} 31. Qb3 {[%clk 0:10:17]} Qd3
{[%clk 0:05:26]} 32. Qa2 {[%clk 0:08:44]} Nc6 {[%clk 0:01:18]} 33. Rad1
{[%clk 0:07:58]} Qg6 {[%clk 0:01:23]} 34. Rxd8+ {[%clk 0:05:52]} Rxd8
{[%clk 0:01:52]} 35. axb6 {[%clk 0:05:50]} axb6 {[%clk 0:02:21]} 36. Qa6
{[%clk 0:05:55]} Rb8 {[%clk 0:01:50]} 37. Nd5 {[%clk 0:05:26]} f5
{[%clk 0:01:49]} 38. Qa3 {[%clk 0:04:10]} Kf7 {[%clk 0:01:06]} 39. h3
{[%clk 0:02:34]} Qd6 {[%clk 0:01:00]} 40. Qf3 {[%clk 0:02:01]} Kg6
{[%clk 0:00:38]} 41. h4 {[%clk 0:30:45]} Nd4 {[%clk 0:26:25]} 42. h5+
{[%clk 0:30:28]} Kf7 {[%clk 0:26:47]} 43. Qa3 {[%clk 0:29:31]} Nc6
{[%clk 0:14:53]} 44. Qa4 {[%clk 0:27:41]} Kf8 {[%clk 0:10:48]} 45. Qa1
{[%clk 0:26:24]} b5 {[%clk 0:04:38]} 46. b4 {[%clk 0:19:04]} bxc4
{[%clk 0:03:03]} 47. Qh8+ {[%clk 0:18:11]} Kf7 {[%clk 0:03:33]} 48. Qh7+
{[%clk 0:18:32]} Kf8 {[%clk 0:03:55]} 49. Qxf5+ {[%clk 0:18:57]} Kg7
{[%clk 0:03:44]} 50. Re6 {[%clk 0:19:14]} Qf8 {[%clk 0:01:29]} 51. Qg6+
{[%clk 0:19:06]} 1-0

[Event "MITROPA Cup 2014 WOMEN Section"]
[Site "Ruzomberok SLOVAKIA"]
[Date "2014.05.29"]
[Round "7"]
[Board "2"]
[White "Novkovic, Julia"]
[Black "Gazikova, Veronika"]
[Result "1/2-1/2"]
[WhiteElo "2126"]
[BlackElo "2144"]
[PlyCount "0"]
[EventDate "2014.05.23"]
[EventType "team"]
[EventRounds "9"]
[EventCountry "SVK"]
[WhiteTeam "Austria"]
[BlackTeam "Slovakia A"]

1. e4 {[%clk 1:30:58]} e5 {[%clk 1:28:56]} 2. Nf3 {[%clk 1:31:18]} Nc6
{[%clk 1:29:00]} 3. Nc3 {[%clk 1:31:38]} Nf6 {[%clk 1:29:00]} 4. d4
{[%clk 1:31:55]} exd4 {[%clk 1:28:51]} 5. Nxd4 {[%clk 1:32:19]} Bb4
{[%clk 1:28:46]} 6. Nxc6 {[%clk 1:32:36]} bxc6 {[%clk 1:28:58]} 7. Bd3
{[%clk 1:33:02]} d5 {[%clk 1:23:20]} 8. exd5 {[%clk 1:33:25]} cxd5
{[%clk 1:23:44]} 9. O-O {[%clk 1:33:46]} O-O {[%clk 1:23:55]} 10. Bg5
{[%clk 1:33:50]} c6 {[%clk 1:22:20]} 11. Qf3 {[%clk 1:34:03]} Be7
{[%clk 1:22:32]} 12. h3 {[%clk 1:34:20]} Nd7 {[%clk 1:19:43]} 13. Bxe7
{[%clk 1:31:23]} Qxe7 {[%clk 1:20:05]} 14. Rfe1 {[%clk 1:23:36]} Qd6
{[%clk 1:16:18]} 15. Rad1 {[%clk 1:18:20]} Nc5 {[%clk 1:13:33]} 16. Bf1
{[%clk 1:11:10]} Qg6 {[%clk 1:09:31]} 17. b4 {[%clk 0:58:04]} Ne6
{[%clk 0:59:47]} 18. b5 {[%clk 0:50:04]} Bb7 {[%clk 0:44:03]} 19. bxc6
{[%clk 0:42:46]} Bxc6 {[%clk 0:44:25]} 20. Nxd5 {[%clk 0:35:43]} Bxd5
{[%clk 0:39:26]} 21. Qxd5 {[%clk 0:30:01]} Qxc2 {[%clk 0:38:24]} 22. Rd2
{[%clk 0:22:55]} Qc7 {[%clk 0:37:37]} 23. Qe5 {[%clk 0:19:06]} Rac8
{[%clk 0:34:08]} 24. Qxc7 {[%clk 0:16:30]} Rxc7 {[%clk 0:34:28]} 25. f3
{[%clk 0:16:43]} g6 {[%clk 0:33:25]} 26. Kf2 {[%clk 0:16:07]} Rb8
{[%clk 0:33:06]} 27. g3 {[%clk 0:14:04]} Rb4 {[%clk 0:30:52]} 28. h4
{[%clk 0:11:07]} a5 {[%clk 0:29:33]} 29. Bh3 {[%clk 0:10:08]} Nc5
{[%clk 0:28:47]} 30. Re5 {[%clk 0:07:33]} Ra4 {[%clk 0:28:05]} 31. Bf1
{[%clk 0:06:41]} Ne6 {[%clk 0:25:30]} 32. Be2 {[%clk 0:04:33]} Rc1
{[%clk 0:23:21]} 33. Bd1 {[%clk 0:03:11]} Rd4 {[%clk 0:19:56]} 34. Rd5
{[%clk 0:03:32]} Rxd2+ {[%clk 0:15:44]} 35. Rxd2 {[%clk 0:04:01]} Kf8
{[%clk 0:15:58]} 36. Ke3 {[%clk 0:03:09]} Ke7 {[%clk 0:15:54]} 37. Be2
{[%clk 0:02:28]} Rc5 {[%clk 0:13:13]} 38. Bd1 {[%clk 0:02:21]} f5
{[%clk 0:10:01]} 39. f4 {[%clk 0:01:37]} Rc3+ {[%clk 0:02:43]} 40. Kf2
{[%clk 0:00:54]} Nc5 {[%clk 0:03:02]} 41. Bc2 {[%clk 0:00:31]} Ke6
{[%clk 0:26:22]} 42. Re2+ {[%clk 0:11:05]} Kd5 {[%clk 0:25:36]} 43. Bb3+
{[%clk 0:11:00]} Nxb3 {[%clk 0:17:25]} 44. axb3 {[%clk 0:11:29]} Rxb3
{[%clk 0:17:40]} 45. Re5+ {[%clk 0:11:47]} Kd4 {[%clk 0:18:06]} 46. Rxa5
{[%clk 0:12:07]} Rb2+ {[%clk 0:18:26]} 47. Kf3 {[%clk 0:12:13]} Rb3+
{[%clk 0:18:41]} 48. Kg2 {[%clk 0:11:36]} Rb2+ {[%clk 0:17:56]} 49. Kf3
{[%clk 0:09:02]} Rb3+ {[%clk 0:18:18]} 50. Kf2 {[%clk 0:08:23]} Rb2+
{[%clk 0:18:40]} 1/2-1/2

[Event "MITROPA Cup 2014 WOMEN Section"]
[Site "Ruzomberok SLOVAKIA"]
[Date "2014.05.29"]
[Round "7"]
[Board "1"]
[White "Motycakova, Monika"]
[Black "Dudas, Eszter"]
[Result "0-1"]
[WhiteElo "2091"]
[BlackElo "2227"]
[PlyCount "0"]
[EventDate "2014.05.23"]
[EventType "team"]
[EventRounds "9"]
[EventCountry "SVK"]
[WhiteTeam "Slovakia B"]
[BlackTeam "Hungary"]

1. e4 {[%clk 1:30:44]} e6 {[%clk 1:30:53]} 2. d4 {[%clk 1:31:08]} d5
{[%clk 1:31:17]} 3. Nd2 {[%clk 1:31:30]} Be7 {[%clk 1:31:24]} 4. Ngf3
{[%clk 1:31:39]} Nf6 {[%clk 1:31:12]} 5. e5 {[%clk 1:31:56]} Nfd7
{[%clk 1:31:35]} 6. Bd3 {[%clk 1:32:15]} c5 {[%clk 1:31:45]} 7. c3
{[%clk 1:32:25]} Nc6 {[%clk 1:31:22]} 8. O-O {[%clk 1:32:17]} a5 {[%clk 1:29:11]}
9. Re1 {[%clk 1:31:34]} cxd4 {[%clk 1:27:52]} 10. cxd4 {[%clk 1:31:57]} g5
{[%clk 1:23:06]} 11. Nb1 {[%clk 1:01:57]} g4 {[%clk 1:16:38]} 12. Nfd2
{[%clk 1:02:22]} h5 {[%clk 1:16:20]} 13. Nc3 {[%clk 0:59:30]} Nxd4
{[%clk 1:05:48]} 14. Qa4 {[%clk 0:51:51]} Nc6 {[%clk 0:58:52]} 15. Nb3
{[%clk 0:36:35]} Nb4 {[%clk 0:28:14]} 16. Bb1 {[%clk 0:33:43]} Kf8
{[%clk 0:27:11]} 17. a3 {[%clk 0:26:09]} Nb6 {[%clk 0:24:39]} 18. Qb5
{[%clk 0:26:34]} Nc6 {[%clk 0:22:17]} 19. Nd2 {[%clk 0:19:48]} Qc7
{[%clk 0:20:06]} 20. f4 {[%clk 0:18:11]} gxf3 {[%clk 0:16:29]} 21. Nxf3
{[%clk 0:17:34]} Nc4 {[%clk 0:16:45]} 22. Qa4 {[%clk 0:09:28]} N6xe5
{[%clk 0:15:07]} 23. Nxe5 {[%clk 0:07:16]} Nxe5 {[%clk 0:15:30]} 24. Qf4
{[%clk 0:06:05]} Bd6 {[%clk 0:07:20]} 25. Qf6 {[%clk 0:05:53]} Rg8
{[%clk 0:07:41]} 26. h3 {[%clk 0:01:53]} Qe7 {[%clk 0:02:51]} 27. Qh6+
{[%clk 0:01:24]} Ke8 {[%clk 0:03:16]} 28. Qxh5 {[%clk 0:01:29]} Qf6
{[%clk 0:02:33]} 29. Rf1 {[%clk 0:00:51]} Bc5+ {[%clk 0:02:45]} 0-1

[Event "MITROPA Cup 2014 WOMEN Section"]
[Site "Ruzomberok SLOVAKIA"]
[Date "2014.05.29"]
[Round "7"]
[Board "2"]
[White "Varga, Melinda"]
[Black "Milcova, Zuzana"]
[Result "1-0"]
[WhiteElo "2163"]
[BlackElo "2025"]
[PlyCount "0"]
[EventDate "2014.05.23"]
[EventType "team"]
[EventRounds "9"]
[EventCountry "SVK"]
[WhiteTeam "Hungary"]
[BlackTeam "Slovakia B"]

1. Nf3 {[%clk 1:30:58]} d5 {[%clk 1:30:56]} 2. g3 {[%clk 1:31:20]} c6
{[%clk 1:31:21]} 3. Bg2 {[%clk 1:31:46]} Bg4 {[%clk 1:31:45]} 4. O-O
{[%clk 1:32:02]} Nf6 {[%clk 1:30:58]} 5. d3 {[%clk 1:32:22]} e6 {[%clk 1:31:17]}
6. Nbd2 {[%clk 1:32:05]} Be7 {[%clk 1:31:29]} 7. b3 {[%clk 1:28:44]} Nbd7
{[%clk 1:31:00]} 8. Bb2 {[%clk 1:29:10]} O-O {[%clk 1:30:53]} 9. c4
{[%clk 1:29:17]} Qc7 {[%clk 1:28:22]} 10. Qc2 {[%clk 1:29:19]} Rad8
{[%clk 1:27:07]} 11. cxd5 {[%clk 1:19:13]} Bxf3 {[%clk 1:22:28]} 12. d6
{[%clk 1:12:46]} Bxd6 {[%clk 1:22:49]} 13. Bxf3 {[%clk 1:12:50]} Qb8
{[%clk 1:21:12]} 14. Rac1 {[%clk 1:12:05]} Rfe8 {[%clk 1:20:41]} 15. Bg2
{[%clk 1:09:48]} e5 {[%clk 1:15:10]} 16. Nc4 {[%clk 1:03:12]} Bc7
{[%clk 1:15:01]} 17. b4 {[%clk 1:03:01]} Nf8 {[%clk 1:01:56]} 18. Na5
{[%clk 0:51:54]} Bxa5 {[%clk 0:36:32]} 19. bxa5 {[%clk 0:52:20]} a6
{[%clk 0:36:55]} 20. Rb1 {[%clk 0:48:07]} Qc7 {[%clk 0:33:57]} 21. Ba1
{[%clk 0:39:00]} Nd5 {[%clk 0:28:00]} 22. d4 {[%clk 0:36:04]} exd4
{[%clk 0:25:00]} 23. Bxd4 {[%clk 0:35:24]} Ne6 {[%clk 0:24:59]} 24. Ba1
{[%clk 0:34:46]} f6 {[%clk 0:17:24]} 25. e4 {[%clk 0:32:36]} Ne7 {[%clk 0:17:40]}
26. Qb3 {[%clk 0:32:46]} Ng6 {[%clk 0:15:45]} 27. f4 {[%clk 0:31:07]} Kh8
{[%clk 0:12:35]} 28. f5 {[%clk 0:30:59]} Nc5 {[%clk 0:11:54]} 29. Qc4
{[%clk 0:30:49]} Qxa5 {[%clk 0:07:35]} 30. fxg6 {[%clk 0:31:07]} hxg6
{[%clk 0:07:08]} 31. Rf4 {[%clk 0:28:53]} g5 {[%clk 0:06:20]} 32. Rxf6
{[%clk 0:28:39]} Kh7 {[%clk 0:04:44]} 33. Rf5 {[%clk 0:27:52]} b5
{[%clk 0:03:15]} 34. Qxc5 {[%clk 0:26:21]} Qxa2 {[%clk 0:03:39]} 35. Qc1
{[%clk 0:26:14]} Rd2 {[%clk 0:02:21]} 36. Rb2 {[%clk 0:26:03]} 1-0

[Event "MITROPA Cup 2014 WOMEN Section"]
[Site "Ruzomberok SLOVAKIA"]
[Date "2014.05.29"]
[Round "7"]
[Board "1"]
[White "Fuchs, Judith"]
[Black "Srebrnic, Ana"]
[Result "1/2-1/2"]
[WhiteElo "2304"]
[BlackElo "2243"]
[PlyCount "0"]
[EventDate "2014.05.23"]
[EventType "team"]
[EventRounds "9"]
[EventCountry "SVK"]
[WhiteTeam "Germany"]
[BlackTeam "Slovenia"]

1. e4 {[%clk 1:30:58]} g6 {[%clk 1:30:24]} 2. d4 {[%clk 1:31:21]} Bg7
{[%clk 1:30:47]} 3. Nc3 {[%clk 1:31:45]} c6 {[%clk 1:31:06]} 4. f4
{[%clk 1:31:53]} d5 {[%clk 1:31:09]} 5. e5 {[%clk 1:32:07]} h5 {[%clk 1:30:27]}
6. Be3 {[%clk 1:31:30]} Nh6 {[%clk 1:27:53]} 7. Qd2 {[%clk 1:30:30]} Ng4
{[%clk 1:22:41]} 8. Nf3 {[%clk 1:29:37]} Nxe3 {[%clk 1:15:37]} 9. Qxe3
{[%clk 1:29:58]} b6 {[%clk 1:15:58]} 10. g3 {[%clk 1:21:54]} e6 {[%clk 1:10:46]}
11. h3 {[%clk 1:18:11]} Ba6 {[%clk 1:10:19]} 12. O-O-O {[%clk 1:08:23]} Qe7
{[%clk 1:08:37]} 13. Kb1 {[%clk 1:05:51]} Bxf1 {[%clk 1:05:03]} 14. Rdxf1
{[%clk 1:05:36]} Nd7 {[%clk 1:03:35]} 15. g4 {[%clk 1:02:33]} hxg4
{[%clk 1:01:15]} 16. hxg4 {[%clk 1:02:50]} O-O-O {[%clk 1:01:22]} 17. Ne2
{[%clk 0:56:44]} c5 {[%clk 0:28:35]} 18. Ng3 {[%clk 0:49:44]} Kb7
{[%clk 0:23:51]} 19. c3 {[%clk 0:45:40]} cxd4 {[%clk 0:22:14]} 20. cxd4
{[%clk 0:43:13]} f5 {[%clk 0:16:27]} 21. g5 {[%clk 0:27:53]} Rxh1
{[%clk 0:14:29]} 22. Rxh1 {[%clk 0:28:06]} Rh8 {[%clk 0:14:39]} 23. Nh4
{[%clk 0:26:22]} Qf7 {[%clk 0:11:37]} 24. Ne2 {[%clk 0:22:21]} Rc8
{[%clk 0:10:08]} 25. Nc3 {[%clk 0:21:28]} a6 {[%clk 0:07:46]} 26. Re1
{[%clk 0:19:36]} Nf8 {[%clk 0:04:29]} 27. Na4 {[%clk 0:14:25]} Rc4
{[%clk 0:01:45]} 28. Qb3 {[%clk 0:08:13]} Nd7 {[%clk 0:01:42]} 29. Qd1
{[%clk 0:05:33]} Bf8 {[%clk 0:00:58]} 30. Nf3 {[%clk 0:05:17]} Be7
{[%clk 0:01:12]} 31. Nh4 {[%clk 0:05:25]} 1/2-1/2

[Event "MITROPA Cup 2014 WOMEN Section"]
[Site "Ruzomberok SLOVAKIA"]
[Date "2014.05.29"]
[Round "7"]
[Board "2"]
[White "Kolaric, Spela"]
[Black "Osmanodja, Filiz"]
[Result "0-1"]
[WhiteElo "2048"]
[BlackElo "2271"]
[PlyCount "0"]
[EventDate "2014.05.23"]
[EventType "team"]
[EventRounds "9"]
[EventCountry "SVK"]
[WhiteTeam "Slovenia"]
[BlackTeam "Germany"]

1. d4 {[%clk 1:30:23]} Nf6 {[%clk 1:30:32]} 2. c4 {[%clk 1:30:27]} e6
{[%clk 1:31:01]} 3. g3 {[%clk 1:30:48]} d5 {[%clk 1:31:18]} 4. Nf3
{[%clk 1:30:42]} Bb4+ {[%clk 1:31:39]} 5. Bd2 {[%clk 1:30:56]} Be7
{[%clk 1:32:06]} 6. Bg2 {[%clk 1:30:51]} O-O {[%clk 1:32:11]} 7. O-O
{[%clk 1:30:58]} c6 {[%clk 1:32:31]} 8. Qc2 {[%clk 1:31:02]} Nbd7
{[%clk 1:31:22]} 9. Bf4 {[%clk 1:28:14]} a5 {[%clk 1:30:57]} 10. Rd1
{[%clk 1:25:44]} h6 {[%clk 1:30:19]} 11. Ne5 {[%clk 1:24:26]} Nh5
{[%clk 1:13:12]} 12. Nxd7 {[%clk 1:22:15]} Bxd7 {[%clk 1:10:43]} 13. Bc1
{[%clk 1:17:44]} b5 {[%clk 1:02:55]} 14. b3 {[%clk 1:09:21]} f5 {[%clk 0:55:44]}
15. Nd2 {[%clk 1:06:17]} Rc8 {[%clk 0:47:00]} 16. Bb2 {[%clk 1:02:22]} Nf6
{[%clk 0:41:42]} 17. Rac1 {[%clk 0:59:22]} Ne4 {[%clk 0:33:42]} 18. Nf3
{[%clk 0:56:07]} Nd6 {[%clk 0:21:59]} 19. Ne5 {[%clk 0:52:03]} Bf6
{[%clk 0:22:03]} 20. Ba3 {[%clk 0:48:40]} b4 {[%clk 0:21:42]} 21. Bb2
{[%clk 0:48:02]} Nf7 {[%clk 0:16:06]} 22. a3 {[%clk 0:40:27]} Nxe5
{[%clk 0:15:18]} 23. dxe5 {[%clk 0:40:50]} Be7 {[%clk 0:14:59]} 24. axb4
{[%clk 0:38:57]} Bxb4 {[%clk 0:13:27]} 25. Qd3 {[%clk 0:37:49]} Qb6
{[%clk 0:12:33]} 26. e3 {[%clk 0:34:18]} Rb8 {[%clk 0:11:11]} 27. Bd4
{[%clk 0:30:03]} Qb7 {[%clk 0:11:11]} 28. Ra1 {[%clk 0:29:38]} Rfd8
{[%clk 0:10:30]} 29. h3 {[%clk 0:24:11]} c5 {[%clk 0:07:38]} 30. Bc3
{[%clk 0:20:36]} Bc6 {[%clk 0:07:49]} 31. Bxb4 {[%clk 0:13:21]} axb4
{[%clk 0:06:44]} 32. Qc2 {[%clk 0:11:23]} dxc4 {[%clk 0:03:30]} 33. Bxc6
{[%clk 0:11:28]} Qxc6 {[%clk 0:03:55]} 34. Qxc4 {[%clk 0:11:42]} Rd5
{[%clk 0:03:52]} 35. Rxd5 {[%clk 0:06:44]} exd5 {[%clk 0:03:07]} 36. Qf4
{[%clk 0:06:46]} Qe6 {[%clk 0:03:16]} 37. Rc1 {[%clk 0:04:15]} Rc8
{[%clk 0:02:55]} 38. h4 {[%clk 0:04:15]} Kh7 {[%clk 0:02:36]} 39. h5
{[%clk 0:03:28]} Rc6 {[%clk 0:02:33]} 40. f3 {[%clk 0:02:57]} Rc7
{[%clk 0:00:41]} 41. e4 {[%clk 0:29:30]} fxe4 {[%clk 0:22:59]} 42. fxe4
{[%clk 0:29:37]} Rf7 {[%clk 0:22:58]} 43. exd5 {[%clk 0:22:49]} Qxd5
{[%clk 0:22:43]} 44. Qg4 {[%clk 0:14:26]} Qxe5 {[%clk 0:13:50]} 45. Rd1
{[%clk 0:13:36]} Qe3+ {[%clk 0:06:53]} 46. Kh2 {[%clk 0:13:38]} Rf6
{[%clk 0:04:09]} 47. Kh3 {[%clk 0:10:29]} Qxb3 {[%clk 0:00:40]} 48. Rd7
{[%clk 0:07:56]} Qe6 {[%clk 0:00:39]} 49. Rxg7+ {[%clk 0:07:33]} Kh8
{[%clk 0:01:08]} 50. Rc7 {[%clk 0:07:43]} Qxg4+ {[%clk 0:00:42]} 51. Kxg4
{[%clk 0:08:07]} Rb6 {[%clk 0:00:39]} 52. Rxc5 {[%clk 0:08:27]} b3
{[%clk 0:01:08]} 53. Rc1 {[%clk 0:08:34]} b2 {[%clk 0:00:50]} 54. Rb1
{[%clk 0:09:01]} Kg7 {[%clk 0:00:55]} 55. Kf5 {[%clk 0:06:28]} Rb5+
{[%clk 0:00:45]} 56. Ke6 {[%clk 0:06:29]} Rb6+ {[%clk 0:01:01]} 57. Ke7
{[%clk 0:06:39]} Rb4 {[%clk 0:00:54]} 58. Ke6 {[%clk 0:06:38]} Rb5
{[%clk 0:01:05]} 59. g4 {[%clk 0:05:19]} Rb8 {[%clk 0:01:08]} 60. Ke7
{[%clk 0:03:22]} Rb6 {[%clk 0:01:21]} 61. Kd7 {[%clk 0:02:53]} Kf6
{[%clk 0:01:35]} 62. Kc7 {[%clk 0:03:09]} Rb3 {[%clk 0:02:01]} 63. Kc6
{[%clk 0:03:15]} Kg5 {[%clk 0:02:17]} 64. Kd5 {[%clk 0:03:29]} Kxg4
{[%clk 0:02:13]} 65. Kc4 {[%clk 0:03:54]} Rb8 {[%clk 0:02:36]} 66. Kc3
{[%clk 0:04:20]} Kxh5 {[%clk 0:02:52]} 67. Kc2 {[%clk 0:04:46]} Kg4
{[%clk 0:01:53]} 68. Rg1+ {[%clk 0:04:58]} Kf3 {[%clk 0:01:59]} 69. Kb1
{[%clk 0:05:20]} Rb5 {[%clk 0:01:52]} 70. Rf1+ {[%clk 0:04:57]} Kg2
{[%clk 0:01:55]} 71. Rd1 {[%clk 0:05:22]} h5 {[%clk 0:02:10]} 72. Rd2+
{[%clk 0:05:47]} Kf3 {[%clk 0:02:05]} 73. Rd3+ {[%clk 0:05:44]} Kg4
{[%clk 0:02:13]} 74. Rd4+ {[%clk 0:06:04]} Kg5 {[%clk 0:02:40]} 75. Rc4
{[%clk 0:04:08]} h4 {[%clk 0:02:46]} 76. Rd4 {[%clk 0:04:25]} Rb3
{[%clk 0:02:30]} 77. Rd8 {[%clk 0:04:01]} h3 {[%clk 0:02:42]} 78. Rg8+
{

[Event "MITROPA Cup 2014 WOMEN Section"]
[Site "Ruzomberok SLOVAKIA"]
[Date "2014.05.30"]
[Round "8"]
[Board "1"]
[White "Wozniak, Mariola"]
[Black "Srebrnic, Ana"]
[Result "1/2-1/2"]
[WhiteElo "2092"]
[BlackElo "2243"]
[PlyCount "0"]
[EventDate "2014.05.23"]
[EventType "team"]
[EventRounds "9"]
[EventCountry "SVK"]
[WhiteTeam "Poland"]
[BlackTeam "Slovenia"]

1. e4 {[%clk 1:30:56]} d6 {[%clk 1:30:30]} 2. d4 {[%clk 1:31:21]} Nf6
{[%clk 1:30:57]} 3. Nc3 {[%clk 1:31:39]} e5 {[%clk 1:31:22]} 4. Nf3
{[%clk 1:30:56]} Nbd7 {[%clk 1:31:42]} 5. Bc4 {[%clk 1:30:47]} Be7
{[%clk 1:32:06]} 6. O-O {[%clk 1:29:12]} O-O {[%clk 1:32:23]} 7. Re1
{[%clk 1:28:26]} a6 {[%clk 1:30:05]} 8. a4 {[%clk 1:23:24]} b6 {[%clk 1:30:15]}
9. b3 {[%clk 1:15:08]} c6 {[%clk 1:16:16]} 10. Bb2 {[%clk 0:57:41]} Bb7
{[%clk 1:07:49]} 11. Qe2 {[%clk 0:45:11]} Qc7 {[%clk 0:58:30]} 12. Rad1
{[%clk 0:40:49]} b5 {[%clk 0:52:09]} 13. Bd3 {[%clk 0:40:37]} Rfe8
{[%clk 0:42:51]} 14. Qd2 {[%clk 0:28:07]} Rad8 {[%clk 0:31:05]} 15. Ne2
{[%clk 0:25:12]} d5 {[%clk 0:25:22]} 16. dxe5 {[%clk 0:17:46]} dxe4
{[%clk 0:21:27]} 17. exf6 {[%clk 0:17:49]} Bxf6 {[%clk 0:19:10]} 18. Ng3
{[%clk 0:07:34]} exf3 {[%clk 0:12:08]} 19. Bxf6 {[%clk 0:06:50]} Rxe1+
{[%clk 0:10:44]} 20. Rxe1 {[%clk 0:06:37]} Nxf6 {[%clk 0:11:03]} 21. Nf5
{[%clk 0:05:52]} Re8 {[%clk 0:06:38]} 22. Rxe8+ {[%clk 0:05:20]} Nxe8
{[%clk 0:07:03]} 23. Qe3 {[%clk 0:05:37]} Qd7 {[%clk 0:04:14]} 24. Qxf3
{[%clk 0:05:40]} g6 {[%clk 0:01:56]} 25. Qg3 {[%clk 0:02:54]} Kf8
{[%clk 0:02:05]} 26. Ne3 {[%clk 0:03:00]} Qd6 {[%clk 0:01:21]} 27. Qf3
{[%clk 0:02:37]} Qe5 {[%clk 0:01:03]} 28. h3 {[%clk 0:02:05]} Nd6
{[%clk 0:00:49]} 29. Qg4 {[%clk 0:01:33]} Qa1+ {[%clk 0:00:45]} 30. Kh2
{[%clk 0:01:58]} Qe5+ {[%clk 0:01:10]} 31. Kg1 {[%clk 0:02:13]} Qa1+
{[%clk 0:01:35]} 32. Kh2 {[%clk 0:01:21]} Qe5+ {[%clk 0:02:00]} 1/2-1/2

[Event "MITROPA Cup 2014 WOMEN Section"]
[Site "Ruzomberok SLOVAKIA"]
[Date "2014.05.30"]
[Round "8"]
[Board "2"]
[White "Kolaric, Spela"]
[Black "Kiolbasa, Oliwia"]
[Result "1-0"]
[WhiteElo "2048"]
[BlackElo "2015"]
[PlyCount "0"]
[EventDate "2014.05.23"]
[EventType "team"]
[EventRounds "9"]
[EventCountry "SVK"]
[WhiteTeam "Slovenia"]
[BlackTeam "Poland"]

1. e4 {[%clk 1:30:40]} c5 {[%clk 1:30:40]} 2. Nc3 {[%clk 1:30:43]} e6
{[%clk 1:30:42]} 3. g3 {[%clk 1:30:03]} Nc6 {[%clk 1:30:26]} 4. Bg2
{[%clk 1:30:00]} g6 {[%clk 1:29:05]} 5. f4 {[%clk 1:26:43]} d6 {[%clk 1:27:13]}
6. Nf3 {[%clk 1:26:25]} Bg7 {[%clk 1:27:28]} 7. O-O {[%clk 1:25:35]} Nge7
{[%clk 1:25:11]} 8. d3 {[%clk 1:24:41]} O-O {[%clk 1:19:00]} 9. Be3
{[%clk 1:22:08]} Nd4 {[%clk 1:13:32]} 10. g4 {[%clk 1:13:37]} Nec6
{[%clk 1:07:40]} 11. a4 {[%clk 1:08:42]} Rb8 {[%clk 1:00:29]} 12. Rb1
{[%clk 1:02:13]} a6 {[%clk 0:51:26]} 13. Ne2 {[%clk 0:59:39]} Nxe2+
{[%clk 0:49:20]} 14. Qxe2 {[%clk 1:00:01]} Qa5 {[%clk 0:49:18]} 15. b3
{[%clk 0:57:27]} b5 {[%clk 0:42:35]} 16. axb5 {[%clk 0:56:28]} axb5
{[%clk 0:41:50]} 17. Nh4 {[%clk 0:46:45]} Nd4 {[%clk 0:27:51]} 18. Qd1
{[%clk 0:43:36]} b4 {[%clk 0:23:50]} 19. f5 {[%clk 0:40:16]} Qd8 {[%clk 0:19:38]}
20. Nf3 {[%clk 0:32:22]} exf5 {[%clk 0:13:49]} 21. gxf5 {[%clk 0:23:47]} gxf5
{[%clk 0:13:53]} 22. Ng5 {[%clk 0:22:41]} h6 {[%clk 0:12:25]} 23. Nh3
{[%clk 0:22:46]} fxe4 {[%clk 0:11:41]} 24. dxe4 {[%clk 0:21:50]} Qh4
{[%clk 0:10:27]} 25. Rf4 {[%clk 0:21:22]} Qe7 {[%clk 0:09:40]} 26. Bf2
{[%clk 0:19:15]} Qe5 {[%clk 0:03:36]} 27. Bg3 {[%clk 0:17:10]} Nb5
{[%clk 0:03:13]} 28. Qf3 {[%clk 0:16:00]} Qc3 {[%clk 0:02:25]} 29. Qh5
{[%clk 0:12:20]} Qxc2 {[%clk 0:01:25]} 30. Rbf1 {[%clk 0:12:43]} Be6
{[%clk 0:01:44]} 31. Kh1 {[%clk 0:10:11]} f6 {[%clk 0:00:59]} 32. R4f2
{[%clk 0:08:53]} Qxb3 {[%clk 0:01:03]} 33. Nf4 {[%clk 0:08:29]} Bf7
{[%clk 0:01:22]} 34. Qg4 {[%clk 0:08:19]} Rbe8 {[%clk 0:00:49]} 35. Nd5
{[%clk 0:07:16]} Bxd5 {[%clk 0:00:55]} 36. exd5 {[%clk 0:07:44]} Qc3
{[%clk 0:00:59]} 37. Bf4 {[%clk 0:06:07]} f5 {[%clk 0:00:54]} 38. Qh5
{[%clk 0:06:12]} Qf6 {[%clk 0:01:00]} 39. Bf3 {[%clk 0:05:18]} Kh7
{[%clk 0:00:42]} 40. Rg2 {[%clk 0:04:45]} Rg8 {[%clk 0:00:37]} 41. Rfg1
{[%clk 0:04:14]} Bh8 {[%clk 0:12:19]} 42. Bxh6 {[%clk 0:32:47]} Rxg2
{[%clk 0:08:42]} 43. Bg5+ {[%clk 0:32:32]} Kg8 {[%clk 0:09:06]} 44. Bxf6
{[%clk 0:32:11]} 1-0